Disciple / (Record no. 5963)

MARC details
000 -LEADER
fixed length control field 00597nam a2200229 4500
001 - CONTROL NUMBER
control field 1527310
003 - CONTROL NUMBER IDENTIFIER
control field OSt
005 - DATE AND TIME OF LATEST TRANSACTION
control field 20190111120943.0
008 - FIXED-LENGTH DATA ELEMENTS--GENERAL INFORMATION
fixed length control field 00026401975 ilu 000 0 eng
010 ## - LIBRARY OF CONGRESS CONTROL NUMBER
LC control number 74029650
020 ## - INTERNATIONAL STANDARD BOOK NUMBER
International Standard Book Number 0884191451
040 ## - CATALOGING SOURCE
Original cataloging agency DLC
Transcribing agency DLC
Modifying agency m/c
-- ATH
050 0# - LIBRARY OF CONGRESS CALL NUMBER
Classification number BV4501.2
Item number .O725
082 ## - DEWEY DECIMAL CLASSIFICATION NUMBER
Classification number 230
Item number O77D
090 ## - LOCALLY ASSIGNED LC-TYPE CALL NUMBER (OCLC); LOCAL CALL NUMBER (RLIN)
Classification number (OCLC) (R) ; Classification number, CALL (RLIN) (NR) BV4501.2
Local cutter number (OCLC) ; Book number/undivided call number, CALL (RLIN) .O725 1975
100 1# - MAIN ENTRY--PERSONAL NAME
Personal name Ortiz, Juan Carlos,
Dates associated with a name 1934-
245 10 - TITLE STATEMENT
Title Disciple /
Statement of responsibility, etc. by Juan Carlos Ortiz.
260 ## - PUBLICATION, DISTRIBUTION, ETC.
Place of publication, distribution, etc. Carol Stream, Ill. :
Name of publisher, distributor, etc. Creation House,
Date of publication, distribution, etc. [1975]
300 ## - PHYSICAL DESCRIPTION
Extent 158 p. ;
Dimensions 23 cm.
650 #0 - SUBJECT ADDED ENTRY--TOPICAL TERM
Topical term or geographic name entry element Christian life.
942 ## - ADDED ENTRY ELEMENTS (KOHA)
Source of classification or shelving scheme Dewey Decimal Classification
Koha item type Books
Holdings
Withdrawn status Lost status Source of classification or shelving scheme Damaged status Not for loan Collection code Home library Current library Shelving location Date acquired Cost, normal purchase price Total Checkouts Full call number Barcode Date last seen Price effective from Koha item type
    Dewey Decimal Classification     Non-fiction Harvest Mission College Harvest Mission College General Stacks 11.01.2019 540.00   230 O77D 006747 11.01.2019 11.01.2019 Books

OPAC Designed and Maintained by HMC Library Team.
Copyright © HMC Library,Greater Noida, UP.
For any Suggestions/Query Contact library via Email:libhmc@gmail.com